|
|
|
|
| LEADER |
000000sc a2200000 a 4500 |
| 001 |
Si522 |
| 005 |
20230308214140.0 |
| 008 |
009072|2004 ||||||||r|||||||||||spa|| |
| 020 |
|
|
|a 9716140290
|
| 040 |
|
|
|b spa
|
| 041 |
1 |
|
|a es
|
| 082 |
0 |
|
|a 333.953
|
| 245 |
|
|
|a Conservación y uso sostenible de la boidiversidad agrícola
|c Centro Internacional de la papa
|h imp
|
| 264 |
|
|
|c 2004
|
| 300 |
|
|
|a 480páginas:
|
| 490 |
|
|
|a Fortaleciendo el manejo local de la biodiversidad agrícola
|
| 500 |
|
|
|a Libro de Consulta
|
| 504 |
|
|
|a incl. ref.
|
| 650 |
1 |
|
|a Biodiversidad agricola
|9 81550
|
| 650 |
1 |
|
|a Mejoramiento de cultivos
|9 296324
|
| 650 |
1 |
|
|a Agricultores
|9 55442
|
| 650 |
|
|
|a Conservacion in situ
|9 284272
|
| 710 |
1 |
|
|a Centro Internacional de la papa
|9 296265
|
| 773 |
|
|
|g 480páginas:
|
| 852 |
|
|
|a UC-YANUNCAY
|c SALA 1 AGROPECUARIAS
|f Donación
|k Eduran
|l 1
|m General
|p 20090723
|q 5,00
|t Si522
|b 0
|d CDRY
|e CDRY
|g 333.953 SALA 1 AGROPECUARIAS
|z 2009-90-72
|
| 942 |
|
|
|
| 999 |
|
|
|c 128058
|d 128058
|